[Event "Izhevsk Corporation Cup-A 4th"]
[Site "Izhevsk"]
[Date "2012.07.18"]
[Round "4"]
[White "Terentjev, Vladislav"]
[Black "Smirnov, Pavel"]
[Result "0-1"]
[WhiteElo "2340"]
[BlackElo "2592"]
[PlyCount "40"]
[EventDate "2012.07.15"]
[EventType "swiss"]
[EventRounds "9"]
[EventCountry "RUS"]
[SourceTitle "EXT 2013"]
[Source "ChessBase"]
[SourceDate "2012.11.22"]
[SourceVersion "1"]
[SourceVersionDate "2012.11.22"]
[SourceQuality "1"]

1. c4 Nf6 2. Nc3 d5 3. cxd5 Nxd5 4. Nf3 c5 5. e4 Nb4 6. d3 Bg4 7. Be3 e6 8. Qa4+ Nd7 9. Ne5 b5 10. Nxb5 Nxe5 11. d4 Nbd3+ 12. Kd2 Nxb2 13. Nc7+ Ke7 14. Qa5 Kf6 15. h4 h6 16. h5 Nc6 17. e5+ Ke7 18. Qa3 Qxc7 19. d5 exd5 20. Bxc5+ Ke6 0-1

[Event "Privolzhskogo FO-ch"]
[Site "Kazan"]
[Date "2012.02.27"]
[Round "1"]
[White "Terentjev, Vladislav"]
[Black "Elistratov, Semen"]
[Result "1-0"]
[WhiteElo "2301"]
[BlackElo "1902"]
[PlyCount "105"]
[EventDate "2012.02.26"]
[EventType "swiss"]
[EventRounds "9"]
[EventCountry "RUS"]
[SourceTitle "CBM 147 Extra"]
[Source "ChessBase"]
[SourceDate "2012.04.24"]
[SourceVersion "1"]
[SourceVersionDate "2012.04.24"]
[SourceQuality "1"]

1. Nf3 Nf6 2. c4 e6 3. Nc3 d5 4. d4 c6 5. g3 dxc4 6. Ne5 b5 7. Bg2 Nd5 8. a4 b4 9. Nb1 Ba6 10. 0-0 Be7 11. Qc2 Bf6 12. Nxc4 0-0 13. Rd1 Nd7 14. e4 b3 15. Qxb3 Rb8 16. Qc2 Nb4 17. Qc3 c5 18. e5 Nxe5 19. Nxe5 Bxe5 20. Qxc5 Be2 21. Qxe5 Bxd1 22. Nc3 Bb3 23. Bf4 Rc8 24. Bb7 Rc4 25. Ra3 Bc2 26. Nb5 Nd3 27. Qe2 a6 28. Nc3 Nxf4 29. Qxc4 Bd3 30. Qc5 Nh3+ 31. Kg2 Qf6 32. d5 Qf5 33. Qe3 Ng5 34. g4 Qxg4+ 35. Qg3 Qf5 36. d6 Rd8 37. Rb3 h5 38. Rb4 g6 39. h4 Nh7 40. Rd4 Bc2 41. Bxa6 Nf6 42. Qg5 e5 43. Qxf5 gxf5 44. Rd2 Be4+ 45. f3 Ba8 46. Kf2 e4 47. Be2 Kg7 48. fxe4 fxe4 49. Ke3 Kg6 50. Kf4 Nd7 51. Nxe4 Bxe4 52. Kxe4 Nc5+ 53. Kd5 1-0

[Event "Moscow op-A"]
[Site "Moscow"]
[Date "2012.02.03"]
[Round "7"]
[White "Mishuchkov, Nikolai Mikhailovic"]
[Black "Terentjev, Vladislav"]
[Result "0-1"]
[WhiteElo "2418"]
[BlackElo "2301"]
[PlyCount "122"]
[EventDate "2012.01.28"]
[EventType "swiss"]
[EventRounds "9"]
[EventCountry "RUS"]
[SourceTitle "CBM 146 Extra"]
[Source "ChessBase"]
[SourceDate "2012.02.29"]
[SourceVersion "1"]
[SourceVersionDate "2012.02.29"]
[SourceQuality "1"]

1. Nf3 Nf6 2. g3 c5 3. Bg2 Nc6 4. d4 cxd4 5. Nxd4 Qc7 6. 0-0 g6 7. c4 Bg7 8. Nc3 0-0 9. h3 d6 10. b3 Nxd4 11. Qxd4 Be6 12. Bb2 Qd7 13. Nd5 Rfe8 14. Rab1 Bf5 15. Rbd1 Bxh3 16. Bxh3 Qxh3 17. Nc7 Nh5 18. Qd2 Rec8 19. Bxg7 Rxc7 20. Bd4 Qg4 21. Qe3 b6 22. Ba1 Qe6 23. Qf3 Rf8 24. g4 Ng7 25. Rd4 f5 26. g5 Rc5 27. Rd5 Qe4 28. Bxg7 Kxg7 29. Rfd1 Qxf3 30. exf3 Rxd5 31. cxd5 Rc8 32. Rd2 Kf7 33. f4 e6 34. dxe6+ Kxe6 35. Re2+ Kd7 36. f3 d5 37. Kf2 Kd6 38. Ke1 Rc1+ 39. Kd2 Rf1 40. Rh2 Rxf3 41. Rxh7 Rxf4 42. Rg7 Rf2+ 43. Kd3 Rxa2 44. Rxg6+ Ke5 45. Rg7 f4 46. g6 Rg2 47. Re7+ Kd6 48. Rf7 Rxg6 49. Rxf4 Rg3+ 50. Kc2 Kc5 51. Kb2 a5 52. b4+ axb4 53. Rf8 b3 54. Ka3 d4 55. Rd8 Kc4 56. Rc8+ Kd3 57. Kxb3 Rg5 58. Rh8 Rb5+ 59. Ka2 Kc3 60. Rh6 d3 61. Rc6+ Kd2 0-1

[Event "Moscow op-A"]
[Site "Moscow"]
[Date "2012.01.29"]
[Round "2"]
[White "Terentjev, Vladislav"]
[Black "Deepan Chakkravarthy, J."]
[Result "1/2-1/2"]
[WhiteElo "2301"]
[BlackElo "2495"]
[PlyCount "73"]
[EventDate "2012.01.28"]
[EventType "swiss"]
[EventRounds "9"]
[EventCountry "RUS"]
[SourceTitle "CBM 146 Extra"]
[Source "ChessBase"]
[SourceDate "2012.02.29"]
[SourceVersion "1"]
[SourceVersionDate "2012.02.29"]
[SourceQuality "1"]

1. c4 g6 2. Nc3 Bg7 3. d4 Nf6 4. e4 d6 5. f4 0-0 6. Nf3 c5 7. d5 e6 8. dxe6 Bxe6 9. Bd3 Nc6 10. f5 Bd7 11. 0-0 Nd4 12. Bg5 Bc6 13. Nxd4 cxd4 14. Nd5 Bxd5 15. exd5 Qb6 16. Qd2 Rae8 17. Rf3 Ne4 18. Bxe4 Rxe4 19. f6 Bh8 20. Rb3 Qc7 21. Qb4 b6 22. Rf1 Rfe8 23. Rd3 R8e5 24. Bh6 Qd8 25. Bf4 Bxf6 26. Bxe5 Bxe5 27. Qa4 a5 28. Qb5 Kg7 29. Rdf3 f5 30. Rb3 Qg5 31. Qd7+ Kh6 32. Rh3+ Rh4 33. Rff3 Qc1+ 34. Rf1 Qg5 35. Rff3 Qc1+ 36. Rf1 Qg5 37. Rff3 1/2-1/2

[Event "Moscow op-A"]
[Site "Moscow"]
[Date "2012.01.28"]
[Round "1"]
[White "Obolenskikh, Dmitry Aleksandrovi"]
[Black "Terentjev, Vladislav"]
[Result "1/2-1/2"]
[WhiteElo "2510"]
[BlackElo "2301"]
[PlyCount "227"]
[EventDate "2012.01.28"]
[EventType "swiss"]
[EventRounds "9"]
[EventCountry "RUS"]
[SourceTitle "CBM 146 Extra"]
[Source "ChessBase"]
[SourceDate "2012.02.29"]
[SourceVersion "1"]
[SourceVersionDate "2012.02.29"]
[SourceQuality "1"]

1. Nf3 Nf6 2. c4 c5 3. Nc3 Nc6 4. d4 cxd4 5. Nxd4 e6 6. Ndb5 d6 7. Bf4 e5 8. Bg5 Be6 9. e3 a6 10. Na3 Qa5 11. Bxf6 gxf6 12. Qd2 Rd8 13. Rd1 d5 14. cxd5 Bxa3 15. bxa3 Bxd5 16. Nxd5 Rxd5 17. Qxa5 Rxa5 18. Rd3 0-0 19. Rb3 b5 20. Bd3 Ra4 21. Ke2 e4 22. Bb1 Rc4 23. Rd1 Re8 24. Rb2 Rc8 25. Rd6 Kg7 26. h3 f5 27. g4 fxg4 28. hxg4 h6 29. Rd5 Ra4 30. Bc2 Rxa3 31. Bxe4 Re8 32. Rd3 Rxd3 33. Bxd3 Ne5 34. Bf5 Kf6 35. Rd2 Nc4 36. Rd4 Rb8 37. Bd3 Rb6 38. f4 Nb2 39. Bc2 a5 40. e4 Rc6 41. e5+ Ke7 42. Bf5 Na4 43. Rd7+ Kf8 44. Rd8+ Ke7 45. Ra8 Nc3+ 46. Kf3 Nxa2 47. Rxa5 Nc3 48. Bd3 f6 49. Bxb5 Nxb5 50. Rxb5 fxe5 51. Rxe5+ Kf6 52. Rd5 Ra6 53. Rf5+ Kg6 54. Rc5 Kf6 55. Kg3 Kg6 56. Rc7 Kf6 57. Kh4 Ra1 58. Rc6+ Kg7 59. Rd6 Rh1+ 60. Kg3 Ra1 61. Kf3 Ra4 62. Ke3 Rb4 63. Rd4 Rb6 64. Ke4 Kf6 65. Rc4 Re6+ 66. Kd4 Re1 67. Rc6+ Kg7 68. Rc7+ Kf6 69. Rc6+ Kg7 70. f5 Rg1 71. Rg6+ Kf7 72. Ke5 Re1+ 73. Kf4 Rh1 74. Ra6 Rf1+ 75. Ke4 Re1+ 76. Kf3 Rh1 77. Kg2 Rh4 78. Ra7+ Kf6 79. Kg3 Rh1 80. Ra6+ Kg7 81. Rg6+ Kf7 82. Rc6 Kg7 83. Kf4 Rf1+ 84. Ke5 Re1+ 85. Kd5 Rg1 86. Ke6 Re1+ 87. Kd7 Ra1 88. Ke7 Ra7+ 89. Ke6 Rf7 90. Ke5 Re7+ 91. Re6 Ra7 92. Rg6+ Kf7 93. Rd6 Kg7 94. Ke6 Rf7 95. Ke5 Re7+ 96. Kf4 Ra7 97. Rg6+ Kh7 98. Kg3 Ra3+ 99. Kh4 Ra1 100. Rd6 Rh1+ 101. Kg3 Kg7 102. Rc6 Ra1 103. Rc7+ Kf6 104. Rh7 Rh1 105. Kf4 Rf1+ 106. Ke4 Rh1 107. Kd5 Rd1+ 108. Kc6 Rh1 109. Kd7 Rh4 110. Ke8 Rxg4 111. Rf7+ Kg5 112. f6 Rf4 113. Ke7 Re4+ 114. Kd6 1/2-1/2

[Event "Wch U16"]
[Site "Caldas Novas"]
[Date "2011.11.23"]
[Round "6"]
[White "Hernandez Sanchez, Jairo Andres"]
[Black "Terentjev, Vladislav"]
[Result "1-0"]
[WhiteElo "2265"]
[BlackElo "2344"]
[PlyCount "99"]
[EventDate "2011.11.18"]
[EventType "swiss"]
[EventRounds "9"]
[EventCountry "BRA"]
[SourceTitle "EXT 2013"]
[Source "ChessBase"]
[SourceDate "2012.11.22"]
[SourceVersion "1"]
[SourceVersionDate "2012.11.22"]
[SourceQuality "1"]

1. e4 e5 2. Nf3 d6 3. d4 exd4 4. Nxd4 g6 5. Nc3 Bg7 6. g3 Ne7 7. Bg2 Nbc6 8. Be3 0-0 9. 0-0 Ne5 10. h3 c6 11. a4 Nc4 12. Bc1 Qb6 13. Nde2 Rd8 14. b3 Qa5 15. Qe1 Ne5 16. f4 Qb6+ 17. Kh2 Nd7 18. a5 Qc7 19. Ba3 c5 20. Rd1 Nf8 21. Nb5 Qc6 22. c4 a6 23. e5 d5 24. Nbc3 Be6 25. cxd5 Nxd5 26. Nxd5 Rxd5 27. Rc1 Qd7 28. Bxd5 Bxd5 29. Bxc5 Bxb3 30. Nd4 Bd5 31. Qb4 g5 32. Bd6 gxf4 33. Rxf4 Ng6 34. Rg4 Re8 35. Rc7 Qd8 36. Qc5 Ba2 37. Rxb7 h5 38. Nc6 Qc8 39. Rb8 Qd7 40. Rxe8+ Qxe8 41. Rb4 Qe6 42. Nd4 Qd5 43. Qxd5 Bxd5 44. Nf5 Be6 45. Nxg7 Kxg7 46. h4 Bd5 47. Rb6 Bc4 48. Kg1 Nh8 49. e6 fxe6 50. Be5+ 1-0

[Event "EU-ch U16"]
[Site "Albena"]
[Date "2011.09.18"]
[Round "7"]
[White "Terentjev, Vladislav"]
[Black "Izzat, Kanan Azar"]
[Result "0-1"]
[WhiteElo "2356"]
[BlackElo "2238"]
[PlyCount "130"]
[EventDate "2011.09.11"]
[EventType "swiss"]
[EventRounds "9"]
[EventCountry "BUL"]
[SourceTitle "CBM 144 Extra"]
[Source "ChessBase"]
[SourceDate "2011.10.28"]
[SourceVersion "1"]
[SourceVersionDate "2011.10.28"]
[SourceQuality "1"]

1. e4 c6 2. d4 d5 3. exd5 cxd5 4. c4 Nf6 5. Nc3 Nc6 6. Bg5 e6 7. Nf3 Be7 8. Bd3 0-0 9. 0-0 dxc4 10. Bxc4 a6 11. a3 b5 12. Ba2 Bb7 13. Qd3 Nd5 14. Bb1 g6 15. Bh6 Re8 16. Ne4 Nf6 17. Nc3 Qd6 18. Ba2 Rad8 19. Rad1 Ng4 20. Ne4 Qb8 21. Be3 Nce5 22. Nxe5 Nxe5 23. Qc2 Ng4 24. Ng3 Bf6 25. Qe2 h5 26. Rd2 Kg7 27. Bb1 Rd7 28. Rfd1 Red8 29. Nf1 Qa8 30. h3 Nxe3 31. fxe3 Bg5 32. Qe1 Qb8 33. Ba2 Bd5 34. Bb1 Bb3 35. Rc1 e5 36. Qg3 Bf6 37. e4 Bc4 38. d5 Qb6+ 39. Kh1 Bxf1 40. Rxf1 Rc7 41. Rdf2 Rd6 42. Bd3 Qd4 43. Rd1 Bg5 44. Re2 Rc1 45. Qe1 Bh4 46. Qd2 Rxd1+ 47. Qxd1 Rf6 48. Rd2 Qe3 49. Qe2 Qg3 50. Bc2 Qg5 51. Qd1 Bf2 52. Bd3 Qg3 53. Re2 g5 54. Bc2 g4 55. Qf1 Bd4 56. Qe1 Qf4 57. Bd3 Kh7 58. Rc2 gxh3 59. Qd1 Qh4 60. g3 Qxg3 61. Qxh5+ Kg7 62. Qd1 Bf2 63. Qf1 Qf3+ 64. Kh2 Bg3+ 65. Kg1 h2+ 0-1

[Event "Izhevsk Corporation Cup-A 3rd"]
[Site "Izhevsk"]
[Date "2011.07.18"]
[Round "4"]
[White "Terentjev, Vladislav"]
[Black "Balaian, Alina"]
[Result "0-1"]
[WhiteElo "2388"]
[BlackElo "2163"]
[PlyCount "76"]
[EventDate "2011.07.15"]
[EventType "swiss"]
[EventRounds "9"]
[EventCountry "RUS"]
[SourceTitle "CBM 143 Extra"]
[Source "ChessBase"]
[SourceDate "2011.08.29"]
[SourceVersion "1"]
[SourceVersionDate "2011.08.29"]
[SourceQuality "1"]

1. c4 g6 2. Nc3 Bg7 3. e4 e5 4. Nge2 Nc6 5. g3 d6 6. Bg2 Be6 7. d3 Qd7 8. Be3 Bh3 9. Bxh3 Qxh3 10. Qd2 Nge7 11. 0-0-0 Qd7 12. Nd5 Nxd5 13. cxd5 Ne7 14. Kb1 0-0 15. h4 f5 16. h5 c6 17. hxg6 hxg6 18. Bh6 cxd5 19. Bxg7 Kxg7 20. Qh6+ Kf7 21. Qh7+ Kf6 22. Qh4+ Kf7 23. exd5 Rh8 24. Qxh8 Rxh8 25. Rxh8 Kg7 26. Rdh1 Qb5 27. Nc1 Nxd5 28. R1h7+ Kf6 29. Rb8 b6 30. Rd8 Kg5 31. Rg7 Qc5 32. Rdg8 Kg4 33. Rxg6+ Kf3 34. Nb3 Qxf2 35. Rg5 Ne3 36. a3 Qc2+ 37. Ka2 Nd1 38. Rxf5+ Kg2 0-1

[Event "Privolzhskogo FO-ch"]
[Site "Togliatti"]
[Date "2011.03.12"]
[Round "3"]
[White "Makhmutov, Rail"]
[Black "Terentjev, Vladislav"]
[Result "1/2-1/2"]
[WhiteElo "2224"]
[BlackElo "2377"]
[PlyCount "131"]
[EventDate "2011.03.10"]
[EventType "swiss"]
[EventRounds "9"]
[EventCountry "RUS"]
[SourceTitle "CBM 141 Extra"]
[Source "ChessBase"]
[SourceDate "2011.05.03"]
[SourceVersion "1"]
[SourceVersionDate "2011.05.03"]
[SourceQuality "1"]

1. e4 Nf6 2. e5 Nd5 3. Nc3 e6 4. Nf3 d6 5. Nxd5 exd5 6. d4 Bg4 7. Be2 Nc6 8. h3 Bf5 9. Bf4 Qd7 10. Qd2 0-0-0 11. 0-0-0 h6 12. Rhe1 Be4 13. exd6 Bxd6 14. Ne5 Bxe5 15. dxe5 Qe7 16. f3 Bf5 17. Bd3 Be6 18. Bb5 Nb8 19. Qc3 a6 20. Bf1 c5 21. Be3 Nd7 22. b4 Kb8 23. Bxc5 Nxc5 24. Qxc5 Qxc5 25. bxc5 Rc8 26. Rd4 Rxc5 27. Bd3 g5 28. h4 Kc7 29. Rh1 Rg8 30. hxg5 Rxg5 31. f4 Rxg2 32. f5 Bd7 33. Rxh6 Bb5 34. Kb2 Bxd3 35. Rxd3 Rcxc2+ 36. Kb3 Rb2+ 37. Kc3 Rxa2 38. Kb3 Rab2+ 39. Ka3 Rbe2 40. Rh7 Rxe5 41. Rxf7+ Kd6 42. Rxb7 Rxf5 43. Rb6+ Ke5 44. Rxa6 Ke4 45. Rb3 d4 46. Re6+ Re5 47. Rh6 Rf2 48. Rh4+ Rf4 49. Rh1 Rc5 50. Re1+ Kd5 51. Rb8 Rc3+ 52. Kb4 Rc4+ 53. Kb3 Rf3+ 54. Kb2 Rf2+ 55. Kb1 Rc6 56. Rd8+ Rd6 57. Rxd6+ Kxd6 58. Rh1 Kd5 59. Kc1 Kc4 60. Rh3 Ra2 61. Kd1 Ra1+ 62. Kd2 Rg1 63. Rf3 Rh1 64. Rg3 Rh2+ 65. Kd1 d3 66. Rg8 1/2-1/2

[Event "Moscow op-E"]
[Site "Moscow"]
[Date "2011.01.31"]
[Round "3"]
[White "Terentjev, Vladislav"]
[Black "Dvoirys, Semen I"]
[Result "1/2-1/2"]
[WhiteElo "2376"]
[BlackElo "2590"]
[PlyCount "136"]
[EventDate "2011.01.29"]
[EventType "swiss"]
[EventRounds "9"]
[EventCountry "RUS"]
[SourceTitle "CBM 140 Extra"]
[Source "ChessBase"]
[SourceDate "2011.03.01"]
[SourceVersion "1"]
[SourceVersionDate "2011.03.01"]
[SourceQuality "1"]

1. c4 e5 2. Nf3 Nc6 3. Nc3 g6 4. d4 exd4 5. Nxd4 Bg7 6. Nxc6 bxc6 7. g3 Rb8 8. Bg2 Ba6 9. Qa4 Qc8 10. 0-0 Nf6 11. b3 0-0 12. Bh3 Re8 13. Be3 Re5 14. Bd4 Rh5 15. Bg2 d6 16. Rad1 Bb7 17. c5 dxc5 18. Bxf6 Bxf6 19. Ne4 Bg7 20. Rc1 Ba6 21. Rxc5 Bxe2 22. Rfc1 Rxc5 23. Nxc5 Qd8 24. Qf4 Qd6 25. Qe3 Bg4 26. Ne4 Qa3 27. h3 Be6 28. Rxc6 Qxa2 29. Rxc7 Qa1+ 30. Kh2 Bd4 31. Qh6 Bg7 32. Qe3 Qd4 33. Nc5 Qxe3 34. fxe3 Bxb3 35. Rxa7 Bc4 36. Ra8 Rxa8 37. Bxa8 Kf8 38. Kg2 Ke7 39. Kf2 Bc3 40. Ne4 Bb4 41. g4 h6 42. Bb7 Ke6 43. Ng3 Be7 44. Kf3 Bb3 45. Ne2 Bd1 46. Ba6 Kd5 47. Bd3 Bh4 48. Kg2 Ke6 49. Nf4+ Kf6 50. Be4 Ba4 51. Bd5 Be1 52. Nd3 Ba5 53. Nb2 Be8 54. Nc4 Bc7 55. e4 Ke7 56. e5 Ba4 57. Kf3 Bd1+ 58. Ke3 Bb3 59. Ke4 Ba4 60. Ne3 Bb6 61. Nc4 Bc2+ 62. Kf4 Bg1 63. Na5 Bh2+ 64. Ke3 Ba4 65. Ke4 Bg3 66. Nc6+ Kf8 67. Nd8 Be8 68. Bc6 Bh4 1/2-1/2